000 00301nam a22001337a 4500
008 180216b xxu||||| |||| 00| 0 eng d
020 _a0538337109
041 _aeng
080 _a621
100 _a27
101 _aMEK
245 _aSouth-Western Industrial Arts Series
_cMorrisey
942 _2udc
_cBK
999 _c42715
_d42715